| 000 | 00860nam a2200217Ii 4500 | ||
|---|---|---|---|
| 003 | JO-AjNU | ||
| 008 | 230605s9999||||xx |||||||||||||| ||und|| | ||
| 040 |
_aJO-AjNU _bara _erda _cJO-AjNU |
||
| 041 | _aara | ||
| 050 | 1 | 4 | _aK5103.H3622.2002 |
| 100 | 3 |
_a الحكيمي ، عبد الباسط محمد سيف , _eauthor _925202 |
|
| 245 | 0 | 0 | _aالنظرية العامة للجرائم ذات الخطر العام |
| 250 | _aط1 | ||
| 264 | 3 | 1 | _aعمان : الدار العلمية ، ودار الثقافة ، 2002 |
| 300 |
_a376ص _b أطروحة دكتوراه |
||
| 336 |
_atext _btxt _2rdacontent |
||
| 337 |
_aunmediated _bn _2rdamedia |
||
| 338 |
_avolume _bnc _2rdacarrier |
||
| 490 | 0 | _aسلسلة الرسائل الجامعية (455) | |
| 650 | 4 |
_aالجريمة والمجرمون -- علم الاجرام -- جناح الاحداث _925203 |
|
| 999 |
_aA9395 _c12963 _d12963 |
||